000 00573nam a2200181Ia 4500
005 20250508160915.0
008 008 250505s9999 xx 000 0 eng d
037 _aReference
040 _aFEDL
_beng
_cFEDL
041 _aeng
_2eng
084 _a294.530, DIC
_qFEDL
100 _aDowson John
245 0 _aClassical dictionary of Hindu mythology and religion, geography, history and literature
260 _aNew Delhi, India
_bOriental Books Reprint Corporation
_c1973
300 _axix,411p
942 _cREF
_h294.530, DIC
999 _c1367319
_d1367319